000
00249nam a2200097Ia 4500
001
1207630
005
20250827022829.0
008
250824s9999 xx 000 0 und d
245
0
_a
DAĞLARIN SIRRI
_c
İHSAN SÜREYYA SIRMA
260
_b
BEYAN YAYINLARI
999
_c
1207630
_d
1207630